Höchste Bauwerke im Laufe der Geschichte - Statistiken

Allgemein
  • Dieses Quiz wurde 358 mal gespielt
  • Das Durchschnittsergebnis liegt bei 6 aus 11
Antwortstatistiken
Zeitraum Höhe Bauwerk Land % Korrekt
2570 v. Chr.-1880 147 m Cheops-Pyramide Ägypten
91%
1889-1930 300 m Eiffelturm Frankreich
88%
1931-1972 381 m Empire State Building USA
80%
2007-heute 828 m Burj Khalifa Vereingte Arabische Emirate
73%
1880-1884 157 m Kölner Dom Deutschland
70%
1972-1974 417 m World Trade Center USA
60%
1998-2004 452 m Petronas Towers Malaysia
38%
1930-1931 319 m Chrysler Building USA
36%
1974-1998 442 m Sears Tower USA
30%
2004-2007 508 m Taipei 101 Taiwan
21%
1884-1889 169 m Washington Monument USA
8%
Keine übereinstimmenden Quizze gefunden
Verteilung der Resultate
Anzahl Personen mit jedem Resultat
Perzentil nach korrekt beantworteten Fragen
Ihre Resultats-Entwicklung
Sie haben dieses Quiz noch nicht gespielt